| 000 | 00640nam a2200217 a 4500 | ||
|---|---|---|---|
| 001 | 1249 | ||
| 003 | CDMR | ||
| 005 | 20151030104202.0 | ||
| 008 | 130130s1975||||||||||||||||||||||||||||d | ||
| 020 | _a8427612664 | ||
| 040 |
_aCDMR _bcat _cCDMR |
||
| 100 | 1 |
_aSanabria Martín, Francisco _9971 |
|
| 245 | 1 | 0 |
_aEstudios sobre comunicación _cFrancisco Sanabria Martín |
| 260 |
_aMadrid _c1975 _bEditora Nacional |
||
| 300 |
_a270 p ; _c21 cm |
||
| 490 | 0 | _aComunicación (Editora Nacional) | |
| 650 | 0 | 4 |
_aComunicació _94289 _xAspectes socials |
| 650 | 0 | 4 |
_aComunicació _92085 _xTeoria |
| 650 | 0 | 4 |
_9388 _aComunicació humana |
| 942 |
_cMON _2udc |
||
| 999 |
_c1249 _d1249 |
||